Normal view
MARC view
- الادارة- الاستراتيجية-التنظيم
Entry Topical Term
001 - CONTROL NUMBER
- control field: 57904
003 - CONTROL NUMBER IDENTIFIER
- control field: JO-AjAnu
005 - DATE AND TIME OF LATEST TRANSACTION
- control field: 20230606083459.0
008 - FIXED-LENGTH DATA ELEMENTS
- fixed length control field: 230606|| aca||aabn | a|a d
040 ## - CATALOGING SOURCE
- Original cataloging agency: JO-AjAnu
- Transcribing agency: JO-AjAnu
150 ## - HEADING--TOPICAL TERM
- Topical term or geographic name entry element: الادارة- الاستراتيجية-التنظيم
670 ## - SOURCE DATA FOUND
- Source citation: Work cat.: (JO-AjAnu)29543: الياسري، أكرم محسن، م.مشارك عادل عباس الجنابي, author 57903, الريادة الاستراتيجية: المكانة الاستراتيجية والارتجال التنظيمي